000
00328nam a2200133Ia 4500
003
OSt
005
20240112121211.0
008
170524s9999 xx 000 0 und d
020
_a
9780070667075
040
_c
iimt university meerut
100
_a
LIND- DOUGLAS- A
245
0
_a
STATISTICAL TECHNIQUES IN BUSINESS
942
_2
ddc
_c
02
999
_c
9761
_d
9761